000 00678cam a2200169 i 4500
005 20251216120146.0
008 250721q9999 jo gr 000 0 ara d
082 1 4 _a217
_bم د ن
100 1 _aالمدني، عمر
_eمؤلف.
245 1 2 _aالمذاهب الإسلامية الخمسة :
_bالمذهب الحنفي -المالكي - الشافعي - الحنبلي - الجعغري /
_cعمر المدني.
264 3 1 _aعمان :
_bالدار المتحدة للنشر،
_c[بين 1990 و 1995].
300 _a272 صفحة.
650 1 7 _aالفقه الإسلامي.
650 1 7 _aالمذاهب الإسلامية.
942 _2ddc
_cBK
999 _c10758
_d10758